personnages de Babar - Statistiques

Statistiques générales
  • Ce quiz a été pris 15 fois
  • Le résultat moyen est 5 sur 26
Statistiques - réponses
Réponse % Correct
Babar
100%
Céleste
73%
Arthur
36%
Flore
36%
La vieille dame
36%
Rataxès
36%
Alexandre
27%
Cornélius
27%
Pom
27%
Zéphir
27%
Isabelle
18%
Badou
9%
Basil
9%
Docteur Capoulosse
9%
Podular
9%
Pompadour
9%
Professeur Grifaton
9%
Troubadour
9%
Victor
9%
Dame Rataxès
0%
Hatchibombotar
0%
Le chasseur
0%
Olur
0%
Poutifour
0%
Rhudy
0%
Truffles
0%
Aucun quiz correspondant
Distribution des résultats
% des personnes avec chaque résultat
Percentile par nombre de réponses
Votre historique - résultats
Vous n’avez pas pris ce quiz